| 000 | 00734nam a2200205 u 4500 | ||
|---|---|---|---|
| 005 | 20240109063553.0 | ||
| 008 | 171019s2016 mx r 000 0 spa d | ||
| 020 | _a9786075240572 | ||
| 035 | _aUPN01000221164 | ||
| 049 | _aCG | ||
| 050 | 4 |
_aJV7398 _bD4.2 |
|
| 245 | 0 | 0 |
_aDebates contemporáneos sobre migración internacional : _buna mirada desde América Latina / _ccoord. Alejandro I. Canales. |
| 260 |
_aMéxico : _bUniversidad de Guadalajara : _bMiguel Angel Porrúa, _cc2016. |
||
| 300 |
_a286 p. : _bcuadros, gráfs. |
||
| 440 | 0 | _aDesarrollo y migración | |
| 651 | 4 |
_aAmérica Latina _xEmigración e inmigración _92853 |
|
| 700 | 1 |
_aCanales Cerón, Alejandro Isidoro, _ecoord. _941106 |
|
| 905 | _aLibro | ||
| 999 |
_c193263 _d193263 |
||